| 000 | 00652nam a22002057a 4500 | ||
|---|---|---|---|
| 003 | OSt | ||
| 005 | 20251126091910.0 | ||
| 008 | 251126b |||||||| |||| 00| 0 eng d | ||
| 020 | _a0-324-27356-8. | ||
| 040 |
_aDWCL-Main lib _cOC |
||
| 082 |
_21st ed. _aCirc. 338.04 B265e 2005 |
||
| 100 | _aRobert A. Baron | ||
| 245 |
_aEntrepreneurship : _ba process perspective 1st ed. _cRobert A. Baron |
||
| 260 |
_aMason, Ohio : _bSouth-Western, _cc2005. |
||
| 300 |
_axvi, 431 pages : _bcolored illustration ; _c28 cm. |
||
| 504 | _aIncludes indexes. | ||
| 650 | _21. Entrepreneurship. | ||
| 700 | _aShane, Scott A. | ||
| 942 |
_2ddc _cBK-CIRC _e1st ed. _kCirc. _n0 |
||
| 999 |
_c6354 _d6354 |
||